Welcome to WEB OPAC of MRSPTU Central Library

Disaster Mitigation : Experiences and Reflections (Record no. 10466)

MARC details
000 -LEADER
fixed length control field 00523nam a22002057a 4500
003 - CONTROL NUMBER IDENTIFIER
control field OSt
005 - DATE AND TIME OF LATEST TRANSACTION
control field 20241121103931.0
008 - FIXED-LENGTH DATA ELEMENTS--GENERAL INFORMATION
fixed length control field 241121b |||||||| |||| 00| 0 eng d
040 ## - CATALOGING SOURCE
Transcribing agency MRSPTU
041 ## - LANGUAGE CODE
Language code of text/sound track or separate title ENG
082 ## - DEWEY DECIMAL CLASSIFICATION NUMBER
Classification number 363.348
Item number SA-D
100 ## - MAIN ENTRY--PERSONAL NAME
Personal name Sahni, Pardeep
245 ## - TITLE STATEMENT
Title Disaster Mitigation : Experiences and Reflections
250 ## - EDITION STATEMENT
Edition statement 11th Ed.
260 ## - PUBLICATION, DISTRIBUTION, ETC.
Place of publication, distribution, etc. Delhi
Name of publisher, distributor, etc. PHI Learning Pvt. Ltd.
Date of publication, distribution, etc. 2018
300 ## - PHYSICAL DESCRIPTION
Extent 214
650 ## - SUBJECT ADDED ENTRY--TOPICAL TERM
Topical term or geographic name entry element Architecture
700 ## - ADDED ENTRY--PERSONAL NAME
Personal name Dhameja, Alka & Medury, Uma
942 ## - ADDED ENTRY ELEMENTS (KOHA)
Source of classification or shelving scheme Dewey Decimal Classification
Koha item type Book
Suppress in OPAC No
Holdings
Withdrawn status Lost status Source of classification or shelving scheme Damaged status Not for loan Home library Current library Date acquired Total checkouts Full call number Barcode Date last seen Price effective from Koha item type
    Dewey Decimal Classification     MRSPTU Central Library MRSPTU Central Library 11/21/2024   363.348 SA-D 41892 11/21/2024 11/21/2024 Book
    Dewey Decimal Classification     MRSPTU Central Library MRSPTU Central Library 11/21/2024   363.348 SA-D 41893 11/21/2024 11/21/2024 Book
    Dewey Decimal Classification     MRSPTU Central Library MRSPTU Central Library 11/21/2024   363.348 SA-D 41894 11/21/2024 11/21/2024 Book
    Dewey Decimal Classification     MRSPTU Central Library MRSPTU Central Library 11/21/2024   363.348 SA-D 41895 11/21/2024 11/21/2024 Book
    Dewey Decimal Classification     MRSPTU Central Library MRSPTU Central Library 11/21/2024   363.348 SA-D 41896 11/21/2024 11/21/2024 Book
    Dewey Decimal Classification     MRSPTU Central Library MRSPTU Central Library 11/21/2024   363.348 SA-D 41897 11/21/2024 11/21/2024 Book
    Dewey Decimal Classification     MRSPTU Central Library MRSPTU Central Library 11/21/2024   363.348 SA-D 41898 11/21/2024 11/21/2024 Book
    Dewey Decimal Classification     MRSPTU Central Library MRSPTU Central Library 11/21/2024   363.348 SA-D 41899 11/21/2024 11/21/2024 Book
    Dewey Decimal Classification     MRSPTU Central Library MRSPTU Central Library 11/21/2024   363.348 SA-D 41900 11/21/2024 11/21/2024 Book
    Dewey Decimal Classification     MRSPTU Central Library MRSPTU Central Library 11/21/2024   363.348 SA-D 41901 11/21/2024 11/21/2024 Book

Website Designed and Developed by MRSPTU Central Library Team

E-mail Id: librarian@mrsptu.ac.in